000 00291nam a2200121Ia 4500
008 190216s9999||||xx |||||||||||||| ||und||
100 _aRamesh Bagri
245 0 _aHindi-Kalkatha Se Dilli Thak
260 _bNoyda Book Publishing
_c2010
300 _a200300
650 _aHindi
942 _cBK
999 _c16894
_d16894